000 00559nmm a2200169Ia 4500
008 251105s9999||||xx |||||||||||||||||und||
020 _a8470304828
041 _aspa
100 _aCosta, Joaquín
245 0 _aOligarquía y caciquismo :
_b Como la forma actual de gobierno en España: urgencia y modo de cambiarla
264 _a[Madrid, España] :
_bBiblioteca Nueva,
_c1998
300 _a241 páginas
490 _aCien años después, 98
650 _aHistory of Europe: Spain
856 _uhttps://public.digitaliapublishing.com/a/4416
942 _cCF
999 _c73088
_d73088